000 00923nam a2200241 a 4500
008 120416s1993 ||||||||||||||||| || u
020 _a1555873987
050 _aHF 1413 Dev
100 _aGlover, David, 1953-
245 1 4 _aThe developing countries in world trade
_cedited by Diana Tussie
246 _apolicies and bargaining strategies
260 _aBoulder, [Colorado]
_bLynne Rienner
_c1993
300 _axi, 266p. : ill.
350 _a0.00
500 _aBibliography
650 _aFree trade - Developing countries
650 0 _aINTERNATIONAL ECONOMIC INTEGRATION
650 _aDEVELOPING COUNTRIES--COMMERCIAL POLICY
650 0 _aECONOMICS
650 0 _aINTERNATIONAL ECONOMIC RELATIONS--HANDBOOKS, MANUALS, E.T.C
700 _aTussie, Diana
995 _D0.00
_FCBU-MAIN LIBRARY (Kitwe)
_H1
_I26.50
_M1
_UAVAILABLE
_ZMain Library Open Access Collection
999 _c39890
_d39890